FIFA 22 IKONY PRIME MOMENTS 94+ - Statystyki

Ogólne statystyki
  • Ten quiz został rozwiązany 323 razy
  • Średni wynik to 20 z 24
Statystyki odpowiedzi
PODPOWIEDŹ IKONA % Poprawnych
BRAZYLIA ŚPO 99 SANTOS PELE
99%
ARGENTYNA 98 ŚPO NAPOLI I BARCELONA MARADONA
98%
BRAZYLIA 97 N REAL MADRYT I BARCELONA RONALDO
98%
FRANCJA 97 ŚPO REAL MADRYT ZIDANE
96%
WŁOCHY 95 ŚO MILAN MALDINI
93%
WĘGRY 95 N REAL MADRYT PUSKAS
91%
BRAZYLIA 95 LS BARCELONA RONALDINHO
90%
ROSJA 95 BR ZSRR YASHIN
88%
HISZPANIA 94 ŚO BARCELONA PUYOL
85%
HOLANDIA 95 ŚN BARCELONA I AJAX CRUYF
84%
BRAZYLIA 95 PS BOTAFAGO FC GARRINCHA
84%
HISZPANIA 94 ŚP BARCELONA XAVI
84%
FRANCJA 94 N ARSENAL HENRY
82%
IRLANDIA PÓŁNOCNA 94 PS MANCHESTER UNITED BEST
80%
BRAZYLIA 94 CPS MILAN CAFU
80%
PORTUGALIA 94 N BENFICA LIZBONA EUSEBIO
80%
FRANCJA 94 ŚN MANCHESTER UNITED CANTONA
78%
BRAZYLIA 94 PO SANTOS CAPITA
77%
HOLANDIA 94 ŚN MILAN GULLIT
76%
ANGLIA 94 PP MANCHESTER UNITED BECKHAM
75%
HOLANDIA 94 N MILAN VAN BASTEN
71%
WŁOCHY 94 ŚO MILAN BARESI
68%
NIEMCY 94 ŚP BAYERN MONACHIUM MATTHAUS
68%
WŁOCHY 94 ŚPO JUVENTUS BAGGIO
66%
Nie znaleziono quizów pasujących do podanych kryteriów
Rozkład punktacji
Procent ludzi z każdym wynikiem
Percentyl według liczby udzielonych odpowiedzi
Twoja historia wyników
Nie rozwiązałeś tego quizu